AH International Schools' Libraries

Huff and Puff Have Too Much Stuff! (Record no. 49042)

MARC details
000 -LEADER
fixed length control field 00416nam a22001337a 4500
008 - FIXED-LENGTH DATA ELEMENTS--GENERAL INFORMATION
fixed length control field 250725b |||||||| |||| 00| 0 eng d
020 ## - INTERNATIONAL STANDARD BOOK NUMBER
International Standard Book Number 9780062305053
100 ## - MAIN ENTRY--PERSONAL NAME
Personal name Tish Rabe (Author), Gill Guile (Illustrator)
9 (RLIN) 86411
245 ## - TITLE STATEMENT
Title Huff and Puff Have Too Much Stuff!
260 ## - PUBLICATION, DISTRIBUTION, ETC. (IMPRINT)
Place of publication, distribution, etc New York
Name of publisher, distributor, etc HarperCollins
Date of publication, distribution, etc 2014
300 ## - PHYSICAL DESCRIPTION
Extent 24 pages
Other physical details col. ill.
Dimensions 6 x 0.12 x 9 inches
490 ## - SERIES STATEMENT
Series statement My First I Can Read
942 ## - ADDED ENTRY ELEMENTS (KOHA)
Source of classification or shelving scheme
Holdings
Withdrawn status Lost status Source of classification or shelving scheme Damaged status Not for loan Collection code Home library Current library Date acquired Full call number Barcode Date last seen Price effective from Koha item type
          Siem Riep Asian Hope Siem Reap Asian Hope Siem Reap 07/25/2025 EFIC TIS 209006 07/25/2025 07/25/2025 Book

For any Logos Library related questions please contact Miss Art at swongnarasuk@asianhope.org.

For any Asian Hope Library related questions please contact Miss Raza at graza@asianhope.org.

Click here to explore our ebooks!

Powered by Koha